000 00292nam a22001337a 4500
008 181018b xxu||||| |||| 00| 0 eng d
020 _a9781429201599
041 _aeng
080 _a159.9
100 _a49
101 _aPSI
245 _aExploring Psychology
_cMyers, D.G
942 _2udc
_cBK
999 _c50136
_d50136